000 03279cam a22011894i 4500
003 PE-LiUPU
005 20250813185523.0
008 150625s r 000 0 d
020 _a8480630213
035 _a(Sirsi) i9788480630214
040 _aPE-LiUPU
_bspa
_cPE-LiUPU
_erda
049 _aPRUA
082 0 4 _a377.5
_bD36
_221
100 1 _aDe Bartolomeis, Francesco,
_eautor.
245 1 3 _aEl color de los pensamientos y de los sentimientos :
_bnueva experiencia de educación artística /
_cFrancesco de Bartolomeis ; [traducción, Daniel Chavarría].
250 _a2a
264 1 _aBarcelona :
_bOctaedro,
_c1994.
300 _a229 páginas :
_bilustraciones, col. ;
_c23 centímetros
336 _atext
_2rdacontent
337 _aunmediated
_2rdamedia
338 _avolume
_2rdacarrier
505 0 _aTambién el niño produce arte. -Tres tipos de problemas de la práctica artística. -Características esenciales de una nueva metodología. -Los procedimientos. -Algunas precisiones sobre las búsquedas gráfico-figurativas y plásticas. -Introducción al análisis de los procesos y los productos. -Colores y formas de la naturaleza. -El paisaje. -La luz. -El movimiento. -Escultura. -El retrato. -Historias. -Exploración productiva de las obras de arte.
526 _aP202
526 _aP201
526 _aP163
526 _aP162
526 _aP161
526 _aP160
526 _aP148
526 _aP147
526 _aP146
526 _aP145
526 _aP144
526 _aP143
526 _aP142
526 _aP141
526 _aP140
526 _aP139
526 _aP138
526 _aP137
526 _aP136
526 _aP135
526 _aP134
526 _aP133
526 _aP129
526 _aP128
526 _aP127
526 _aP120
526 _aP119
526 _aP118
526 _aP116
526 _aP115
526 _aP114
526 _aP110
526 _aP109
526 _aP108
526 _aP104
526 _aP103
526 _aP102
526 _aP99
526 _aP98
526 _aP97
526 _aP96
526 _aP95
526 _aP93
526 _aP90
526 _aP89
526 _aP88
526 _aP83
526 _aP82
526 _aP62
526 _aP59
526 _aP58
526 _aP57
526 _aP51
526 _aP49
526 _aP48
526 _aP47
526 _aP29
526 _aP24
526 _aP20
526 _aP19
526 _aP17
526 _aP15
526 _aP14
526 _aP12
526 _aP10
526 _aP09
526 _aP08
526 _aP07
526 _aP06
526 _aP05
526 _aP04
526 _aP01
541 _g001-0101314;
650 0 4 _aArte
_xDidáctica.
942 _2ddc
_cBOOK
949 _a377.5 D36
_wDEWEY
_c1
_i57044
_lCCODEBUL1
_mBUL
_r0
_sY
_tBOOK
_u2015-6-25
_xSALUD
_PP33
_0COMPRA
_o.STAFF. Colección General
994 _aC0
_bPEPRU
596 _a1
999 _a377.5 D36
_wDEWEY
_c46166
_i57044
_d46166
_e2018-5-29
_f2021-11-8
_g5
_lCCODEBUL1
_mBUL
_n1
_q1
_r0
_sY
_tBOOK
_u2015-6-25
_xEDUCACION
_PP33
_0COMPRA
_o.STAFF. Colección General
980 _81
_gALBERTO SANCHEZ Responsable de Automatización